Evergreen shrubs - Statistics

General Stats
  • This quiz has been taken 10 times
  • The average score is 5 of 9
Answer Stats
Picture Answer % Correct
Holly
88%
Hawthorn
75%
Bay
63%
Camelia
63%
Box
50%
Hazel
50%
Laurel
38%
Privet
38%
Rhododendron
38%
No matching quizzes found
Score Distribution
Percent of People with Each Score
Percentile by Number Answered
Your Score History
You have not taken this quiz